LEADER 01771nam a2200337 i 4500 001 000000176229 003 CaOOAMICUS 005 20250528102731.0 008 081201s2008 it u000 u ita u 020 $a978-88-7870-356-8 040 $aSeMil$bita 245 00$aMilano e la Corte di Spagna :$bun carteggio inedito di Carlo Borromeo /$ca cura di Marina Bonomelli ; saggio introduttivo di Cesare Mozzarelli. 264 1$aMilano :$bBiblioteca Ambrosiana ;$aRoma :$bBulzoni,$c2008. 300 $a219 p., [4] p. di tav. ;$c24 cm. 490 1 $aFonti e studi ;$v8 490 1 $aAccademia Ambrosiana. Classe di studi borromaici 650 4$aMilano (Ducato) - Storia - Sec. 16.$0(OLS)http://semarc/subject/8580 650 4$aBorromeo, Carlo - Lettere e carteggi.$0(OLS)http://semarc/subject/4271 700 1 $aBonomelli, Marina.$0(OLS)http://semarc/name/31630 700 1 $aMozzarelli, Cesare,$d<1947-2004>.$0(OLS)http://semarc/name/1653 710 2 $aBiblioteca Ambrosiana : Accademia Ambrosiana.$0(OLS)http://semarc/name/87942 830 0$aFonti e studi ;$v8.$0(OLS)http://semarc/title/27874 830 0$aAccademia ambrosiana. Classe di studi borromaici.$0(OLS)http://semarc/title/453907 850 $aSeMil 852 $aSeMil$W1$xVenegono$y1$m3TA S 8$j257583$B127051$CSeMilBibl$Z2$F138088 $81 961 $aOmaggio: Pontiggia don Virginio 996 $6020$a978-88-7870-356-8$9(OLS)http://semarc/number/164702 996 $6245$aMilano e la Corte di Spagna :$bun carteggio inedito di Carlo Borromeo$9(OLS)http://semarc/title/252864 996 $6264$aMilano :$bBiblioteca Ambrosiana$9(OLS)http://semarc/publisher/29741 996 $6264$aRoma :$bBulzoni$9(OLS)http://semarc/publisher/30302 LEADER 01150nam a2200265 i 4500 001 000000183681 003 CaOOAMICUS 005 20091124000000.0 008 091124s1985 it u000 u ita u 013 $a161649 020 $a88-17-53418-8 040 $aSeMil$bita 100 1 $aLevillain, Philippe <1940->.$0(OLS)http://semarc/name/8059 240 13$aLe Vatican, ou les frontières de la grace.$0(OLS)http://semarc/title/263626 245 13$aIl Vaticano o le frontiere della Grazia /$cPhilippe Levillain, François-Charles Uginet. 260 $aMilano :$bRizzoli,$ccopyr. 1985. 300 $a234 p. ;$c22 cm. 500 $aContiene : Orientamenti bibliografici. 650 4$aCittà del Vaticano.$0(OLS)http://semarc/subject/34711 700 1 $aUginet, François-Charles.$0(OLS)http://semarc/name/67573 850 $aSeMil 852 $aSeMil$W1$xVenegono$y1$m3E III 286$j134381$B134381$CSeMilBibl$Z2$F146005 $81 996 $6020$a88-17-53418-8$9(OLS)http://semarc/number/173463 996 $6245$aIl Vaticano o le frontiere della Grazia$9(OLS)http://semarc/title/263625 996 $6260$aMilano :$bRizzoli$9(OLS)http://semarc/publisher/29824